| 000 | 00454cam a2200169ua 4500 | ||
|---|---|---|---|
| 003 | OSt | ||
| 008 | 250405b |||||||| |||| 00| 0 eng d | ||
| 020 | _a0-85226-502-6 | ||
| 020 | _a9788126517794 | ||
| 082 |
_a624.151 36 _bLAM/ME |
||
| 100 |
_aLambe, William T . _97368 |
||
| 245 | _aSoil mechanics / | ||
| 260 |
_aNew Delhi : _bWiley Eastern Ltd , _bWiley India _c1983. _c2011 |
||
| 300 | _a553 ; . | ||
| 700 | 1 |
_aWhitman, Robert V . _97369 |
|
| 942 | _cBK | ||
| 999 |
_c1893 _d1893 |
||